[Event "First Saturday 2009 december FM-B"]
[Site "Budapest"]
[Date "2009.12.12"]
[Round "8"]
[White "Heyl, Thomas"]
[Black "Borda, Lajos"]
[Result "1/2-1/2"]
[WhiteElo "2072"]
[BlackElo "2055"]
[PlyCount "22"]
[EventDate "2009.12.05"]

1. d4 Nf6 2. Nf3 g6 3. e3 Bg7 4. Be2 O-O 5. O-O d6 6. b4 Nbd7 7. Bb2 a5 8. b5
c5 9. Nbd2 Re8 10. Re1 Nb6 11. c4 Qc7 1/2-1/2

[Event "First Saturday 2009 december FM-B"]
[Site "Budapest"]
[Date "2009.12.13"]
[Round "9"]
[White "Borda, Lajos"]
[Black "Prorok, Marton"]
[Result "1-0"]
[WhiteElo "2055"]
[BlackElo "2173"]
[PlyCount "41"]
[EventDate "2009.12.05"]

1. d4 Nf6 2. c4 e5 3. dxe5 Ng4 4. e3 Nxe5 5. Nc3 Bb4 6. Qc2 O-O 7. a3 Bxc3+ 8.
Qxc3 d6 9. b3 Nbc6 10. Bb2 Qh4 11. Nf3 Nxf3+ 12. gxf3 f6 13. Rg1 Ne5 14. Rg3
Qxh2 15. Bg2 h5 16. f4 h4 17. Bd5+ Rf7 18. Rg2 Qh3 19. fxe5 dxe5 20. O-O-O Be6
21. Qd3 1-0

[Event "First Saturday 2009 december FM-B"]
[Site "Budapest"]
[Date "2009.12.13"]
[Round "9"]
[White "Zilahi, Gabor"]
[Black "Heyl, Thomas"]
[Result "0-1"]
[WhiteElo "1923"]
[BlackElo "2072"]
[PlyCount "58"]
[EventDate "2009.12.05"]

1. d4 d5 2. e3 Nf6 3. Bd3 c5 4. c3 Bg4 5. Nf3 e6 6. Qa4+ Nbd7 7. Ne5 Bh5 8. Nd2
cxd4 9. exd4 Be7 10. f4 O-O 11. O-O Bg6 12. Nxg6 hxg6 13. Nf3 a6 14. Qc2 b5 15.
Bd2 Qb6 16. a3 a5 17. Rae1 b4 18. Ng5 bxa3 19. b3 Rab8 20. Bxg6 fxg6 21. Rxe6
Qxb3 22. Qxg6 Bd8 23. Rd6 Qb5 24. Ne6 Rf7 25. Ng5 Re7 26. Re6 Nf8 27. Qf5 Nxe6
28. Nxe6 Qd7 29. Re1 Rb6 0-1

[Event "First Saturday 2009 december FM-B"]
[Site "Budapest"]
[Date "2009.12.13"]
[Round "9"]
[White "Yip, Michael"]
[Black "Della-Rossa, Anastasia"]
[Result "1/2-1/2"]
[WhiteElo "2004"]
[BlackElo "1948"]
[PlyCount "65"]
[EventDate "2009.12.05"]

1. c4 e5 2. Nc3 Nc6 3. g3 g6 4. Bg2 Bg7 5. e4 d6 6. Nge2 Nge7 7. O-O O-O 8. d3
Nb8 9. d4 exd4 10. Nxd4 Nbc6 11. Be3 Ne5 12. b3 Ng4 13. Bg5 h6 14. Bc1 c5 15.
Nde2 Nc6 16. h3 Nf6 17. Be3 Re8 18. Rc1 a6 19. Qd2 Kh7 20. Rcd1 Bf8 21. f3 Be6
22. Nd5 Bxd5 23. cxd5 Ne5 24. f4 Ned7 25. Qc2 Qe7 26. Nc3 b5 27. e5 dxe5 28. d6
Qd8 29. Bxa8 Qxa8 30. fxe5 Rxe5 31. Bf4 Re6 32. Rfe1 Qe8 33. Rxe6 1/2-1/2

[Event "First Saturday 2009 december FM-B"]
[Site "Budapest"]
[Date "2009.12.13"]
[Round "9"]
[White "Molnar, Marton M"]
[Black "Trajber, Daniel"]
[Result "0-1"]
[WhiteElo "1947"]
[BlackElo "2112"]
[PlyCount "112"]
[EventDate "2009.12.05"]

1. c4 e5 2. Nc3 Nf6 3. g3 c6 4. Bg2 d5 5. cxd5 cxd5 6. d4 exd4 7. Qxd4 Nc6 8.
Qa4 Bc5 9. Nh3 O-O 10. O-O d4 11. Qc4 Bb6 12. Na4 Be6 13. Qb5 Bd5 14. Nxb6 Qxb6
15. Qxb6 axb6 16. a3 Rfe8 17. Nf4 Bxg2 18. Kxg2 g5 19. Nd3 Rxe2 20. Bxg5 Nd5
21. Kf3 Re6 22. Rfe1 Rae8 23. Bd2 f6 24. Rxe6 Rxe6 25. Re1 Kf7 26. Rxe6 Kxe6
27. Ke2 Ne5 28. Ne1 Nc4 29. Nf3 d3+ 30. Kxd3 Nxb2+ 31. Kd4 Nc7 32. Ke4 f5+ 33.
Kf4 Nd5+ 34. Kg5 Nc4 35. Bc1 Nc3 36. Nd4+ Ke5 37. Nxf5 Ne4+ 38. Kg4 h5+ 39.
Kxh5 Kxf5 40. f4 Nf2 41. h3 Nd3 42. g4+ Kf6 43. g5+ Kg7 44. f5 Nxc1 45. f6+ Kf7
46. Kh6 Ne5 47. h4 Ncd3 48. h5 Nf4 49. a4 b5 50. axb5 b6 51. g6+ Nfxg6 52.
hxg6+ Nxg6 53. Kg5 Nf8 54. Kf5 Nd7 55. Ke4 Nxf6+ 56. Ke5 Ke7 0-1

[Event "First Saturday 2009 december FM-B"]
[Site "Budapest"]
[Date "2009.12.14"]
[Round "10"]
[White "Della-Rossa, Anastasia"]
[Black "Molnar, Marton M"]
[Result "1/2-1/2"]
[WhiteElo "1948"]
[BlackElo "1947"]
[PlyCount "60"]
[EventDate "2009.12.05"]

1. d4 Nf6 2. c4 g6 3. g3 Bg7 4. Bg2 c5 5. e3 O-O 6. Ne2 d6 7. Nbc3 Nc6 8. O-O
Bg4 9. h3 Bd7 10. Kh2 Qc8 11. Bd2 Rb8 12. Rc1 g5 13. Nd5 Re8 14. Nxf6+ Bxf6 15.
Bc3 Rd8 16. dxc5 Bxc3 17. Nxc3 dxc5 18. Qh5 f6 19. f4 Be8 20. Qh6 g4 21. Be4
Rd2+ 22. Kg1 f5 23. Bd5+ Bf7 24. Bxf7+ Kxf7 25. Qxh7+ Kf8 26. hxg4 fxg4 27. Rf2
Rxf2 28. Kxf2 Qe6 29. Nd5 b5 30. e4 bxc4 1/2-1/2

[Event "First Saturday 2009 december FM-B"]
[Site "Budapest"]
[Date "2009.12.14"]
[Round "10"]
[White "Heyl, Thomas"]
[Black "Yip, Michael"]
[Result "1/2-1/2"]
[WhiteElo "2072"]
[BlackElo "2004"]
[PlyCount "101"]
[EventDate "2009.12.05"]

1. d4 d6 2. Nf3 Nf6 3. b3 g6 4. Bb2 Bg7 5. g3 O-O 6. Bg2 Nbd7 7. O-O c5 8. c4
cxd4 9. Nxd4 a6 10. Nc3 Rb8 11. Qd2 Re8 12. Rfd1 Nc5 13. b4 Ne6 14. Nd5 Nxd4
15. Bxd4 Nxd5 16. cxd5 Bxd4 17. Qxd4 Bd7 18. Rac1 Rc8 19. Rc3 Rxc3 20. Qxc3 Qb6
21. a3 Rc8 22. Qe3 Qxe3 23. fxe3 f6 24. Kf2 Kf7 25. Be4 Ba4 26. Rd2 Rc3 27. Rd3
Rc1 28. Rd2 f5 29. Bf3 Kf6 30. e4 Ke5 31. exf5 gxf5 32. Rd3 Bc2 33. Re3+ Be4
34. g4 Rc4 35. gxf5 Kxf5 36. Kg3 b5 37. Bg4+ Ke5 38. Be6 Kd4 39. Kf4 Bg6 40.
Bf7 Rc1 41. Bxg6 Rf1+ 42. Rf3 Rxf3+ 43. exf3 hxg6 44. Kg5 Kxd5 45. Kxg6 Kc4 46.
h4 d5 47. h5 d4 48. h6 d3 49. h7 d2 50. h8=Q d1=Q 51. Qc8+ 1/2-1/2

[Event "First Saturday 2009 december FM-B"]
[Site "Budapest"]
[Date "2009.12.14"]
[Round "10"]
[White "Prorok, Marton"]
[Black "Zilahi, Gabor"]
[Result "1-0"]
[WhiteElo "2173"]
[BlackElo "1923"]
[PlyCount "49"]
[EventDate "2009.12.05"]

1. e4 c6 2. f4 g6 3. Nf3 Bg7 4. Nc3 d5 5. exd5 cxd5 6. Bb5+ Nc6 7. d4 Nh6 8.
Ne5 Qd6 9. O-O O-O 10. Be3 Nf5 11. Qd2 Nxe3 12. Qxe3 Bf5 13. Bd3 Bxd3 14. Qxd3
e6 15. a3 Rac8 16. Rad1 Rfd8 17. Rf2 Na5 18. Qb5 b6 19. Qa6 f6 20. Nb5 Qb8 21.
Nd3 Rd7 22. Re1 Kf7 23. Nc5 Re7 24. Qxc8 Qxc8 25. Nd6+ 1-0

[Event "First Saturday 2009 december FM-B"]
[Site "Budapest"]
[Date "2009.12.15"]
[Round "11"]
[White "Yip, Michael"]
[Black "Prorok, Marton"]
[Result "1/2-1/2"]
[WhiteElo "2004"]
[BlackElo "2173"]
[PlyCount "60"]
[EventDate "2009.12.05"]

1. c4 Nf6 2. Nc3 g6 3. g3 Bg7 4. Bg2 d6 5. e4 Bg4 6. f3 Be6 7. d3 Nc6 8. Nge2
Qd7 9. Be3 Bh3 10. Bxh3 Qxh3 11. Nf4 Qd7 12. O-O h5 13. Qe2 h4 14. g4 O-O-O 15.
h3 Kb8 16. d4 Nh7 17. Rad1 Nxd4 18. Bxd4 Bxd4+ 19. Rxd4 e5 20. Rd3 exf4 21. Qd2
Ng5 22. Kg2 Ne6 23. Nd5 f5 24. exf5 gxf5 25. Nxf4 fxg4 26. fxg4 Qc6+ 27. Kh2
Qxc4 28. b3 Qe4 29. Re3 Qd4 30. Qxd4 Nxd4 1/2-1/2

[Event "First Saturday 2009 december FM-B"]
[Site "Budapest"]
[Date "2009.12.15"]
[Round "11"]
[White "Molnar, Marton M"]
[Black "Heyl, Thomas"]
[Result "1/2-1/2"]
[WhiteElo "1947"]
[BlackElo "2072"]
[PlyCount "34"]
[EventDate "2009.12.05"]

1. c4 c6 2. g3 d5 3. d3 Nf6 4. Bg2 e6 5. Qc2 Be7 6. Nf3 O-O 7. O-O b5 8. Ne5
Nfd7 9. Nf3 Bf6 10. a4 bxc4 11. dxc4 Na6 12. a5 Rb8 13. Nc3 Ndc5 14. Bf4 Nb4
15. Qd1 Rb7 16. Ne5 Be7 17. b3 f6 1/2-1/2

[Event "First Saturday 2009 december FM-B"]
[Site "Budapest"]
[Date "2009.12.15"]
[Round "11"]
[White "Trajber, Daniel"]
[Black "Della-Rossa, Anastasia"]
[Result "1-0"]
[WhiteElo "2112"]
[BlackElo "1948"]
[PlyCount "103"]
[EventDate "2009.12.05"]

1. e4 c5 2. Nf3 d6 3. d4 cxd4 4. Nxd4 a6 5. Nc3 e5 6. Nb3 Be6 7. Be3 Nf6 8. f3
Be7 9. Qd2 Nbd7 10. O-O-O Nb6 11. g4 h6 12. h4 d5 13. Bxb6 Qxb6 14. Nxd5 Bxd5
15. exd5 Rd8 16. c4 e4 17. Qd4 Qd6 18. fxe4 Qf4+ 19. Nd2 Nxg4 20. Rh3 Bf6 21.
Qb6 Ne5 22. Be2 Nd7 23. Qb4 Be7 24. Qc3 Bf6 25. Qc2 Nc5 26. Kb1 O-O 27. Rf3 Qe5
28. Rf5 Qd4 29. Nb3 Nxb3 30. axb3 Qe3 31. Rf3 Qc5 32. h5 Rfe8 33. Bd3 Rc8 34.
Qg2 Qd4 35. Rdf1 Kh8 36. Qd2 Bg5 37. Qc3 Qxc3 38. bxc3 Bf6 39. Kc2 Kg8 40. b4
b6 41. Rxf6 gxf6 42. Rxf6 Rb8 43. Rxh6 Kg7 44. Rc6 Rh8 45. Be2 Rhc8 46. Bg4 Re8
47. Bf5 Rh8 48. d6 Rxh5 49. d7 Rhh8 50. Rc8 Kf6 51. c5 bxc5 52. bxc5 1-0